000 00403nam a22001697a 4500
003 MPLRDC
005 20220104143111.0
008 210129b ||||| |||| 00| 0 eng d
082 _a220.7 FJFJ
100 _a不详
245 _a百年大事浑如梦
_c
260 _a
_b法界佛教总会
_c1995
300 _b
490 _a正法系列. 3
650 _a佛教杂论
942 _cBK
_o220.7 FJFJ
999 _c36616
_d36606